000 00933nam a2200277Ia 4500
008 130821s2010 ag ao gr spa
020 _a9789871259311
040 _aCo-BoUCM
_bspa
041 0 0 _aspa
060 _aWQ 100
100 1 _aTimor-Tritsch, Ilan E.
_9159692
245 1 0 _aEcografía ginecológica
_cIlan E. Timor-Tritsch, Steven Rl Goldstein
260 _aBuenos Aires (Argentina)
_bEdiciones Journal
_c2010
300 _a391 páginas
_bfotografías
504 _aIncluye referencias bibliográficas e índice
650 0 4 _aEcografía
_xEvolución
_913628
650 0 4 _aGinecología
_9217
650 0 4 _aGinecología
_vDiagnostico
_9217
650 0 4 _aObstetricia
_920674
650 0 4 _aRadiología
_923065
650 0 4 _aReproducción humana
_923589
650 0 4 _aUltrasonido
_925954
700 _aGoldstein, Steven R.
_9159693
765 _hUltrasound in gynecology
942 _cLIBRO
_2NLM
_a15
_e1
_hWQ 100
_mT585e
999 _c38354
_d38354